CRC handbook of chemistry and physics. (Record no. 27375)

000 -LEADER
fixed length control field 02382cas a2200553 a 4500
001 - CONTROL NUMBER
control field 11814548
003 - CONTROL NUMBER IDENTIFIER
control field OSt
005 - DATE AND TIME OF LATEST TRANSACTION
control field 20170208112424.0
006 - FIXED-LENGTH DATA ELEMENTS--ADDITIONAL MATERIAL CHARACTERISTICS
fixed length control field m q d
007 - PHYSICAL DESCRIPTION FIXED FIELD--GENERAL INFORMATION
fixed length control field co ugu||||||||
008 - FIXED-LENGTH DATA ELEMENTS--GENERAL INFORMATION
fixed length control field 980311c19999999fluar qt 0 a0eng c
010 ## - LIBRARY OF CONGRESS CONTROL NUMBER
LC control number sn 98002006
022 0# - INTERNATIONAL STANDARD SERIAL NUMBER
International Standard Serial Number 1098-4178
ISSN-L 0147-6262
Source 1
035 ## - SYSTEM CONTROL NUMBER
System control number (OCoLC)ocm38583976
037 ## - SOURCE OF ACQUISITION
Source of stock number/acquisition CRC Press, 2000 Corporate Blvd., NW, Boca Raton, FL 33431
040 ## - CATALOGING SOURCE
Original cataloging agency NSD
Language of cataloging eng
Transcribing agency NSD
Modifying agency IUL
-- DLC
-- NSD
-- OCLCQ
-- NSD
-- OCLCQ
-- DLC
-- OCLCQ
-- OCLCF
-- OCLCO
-- OCLCQ
042 ## - AUTHENTICATION CODE
Authentication code pcc
-- nsdp
050 00 - LIBRARY OF CONGRESS CALL NUMBER
Classification number QD65
082 10 - DEWEY DECIMAL CLASSIFICATION NUMBER
Classification number 540
Edition number 13
130 0# - MAIN ENTRY--UNIFORM TITLE
Uniform title CRC handbook of chemistry and physics (CD-ROM)
210 0# - ABBREVIATED TITLE
Abbreviated title CRC handb. chem. phys.
Qualifying information (CD-ROM)
222 #0 - KEY TITLE
Key title CRC handbook of chemistry and physics
Qualifying information (CD-ROM)
245 10 - TITLE STATEMENT
Title CRC handbook of chemistry and physics.
246 1# - VARYING FORM OF TITLE
Display text Title on disc label:
Title proper/short title Handbook of chemistry and physics
246 13 - VARYING FORM OF TITLE
Title proper/short title Handbook of chemistry and physics CRCnetBASE
250 ## - EDITION STATEMENT
Edition statement 87th ed.
260 ## - PUBLICATION, DISTRIBUTION, ETC. (IMPRINT)
Place of publication, distribution, etc. Boca Raton, FL :
Name of publisher, distributor, etc. Chapman and Hall/CRCnetBASE,
Date of publication, distribution, etc. ©2000-
300 ## - PHYSICAL DESCRIPTION
Extent CD-ROMs ;
Dimensions 4 3/4 in.
310 ## - CURRENT PUBLICATION FREQUENCY
Current publication frequency Annual
336 ## - CONTENT TYPE
Content type term text
Content type code txt
Source rdacontent
337 ## - MEDIA TYPE
Media type term computer
Media type code c
Source rdamedia
338 ## - CARRIER TYPE
Carrier type term computer disc
Carrier type code cd
Source rdacarrier
362 0# - DATES OF PUBLICATION AND/OR SEQUENTIAL DESIGNATION
Dates of publication and/or sequential designation 1999-
500 ## - GENERAL NOTE
General note "CRCnetBASE."
500 ## - GENERAL NOTE
General note "Part of the Chapman and Hall/CRCnetBASE series."
500 ## - GENERAL NOTE
General note Title from disc label.
530 ## - ADDITIONAL PHYSICAL FORM AVAILABLE NOTE
Additional physical form available note Also issued in print and an online version.
538 ## - SYSTEM DETAILS NOTE
System details note System requirements: IBM PC or compatible, 486 or higher, Windows '95 or higher, 16 MB RAM, CD-ROM drive, Adobe Acrobat software (included on disc).
650 #0 - SUBJECT ADDED ENTRY--TOPICAL TERM
Topical term or geographic name as entry element Chemistry
Form subdivision Tables
-- Periodicals.
650 #0 - SUBJECT ADDED ENTRY--TOPICAL TERM
Topical term or geographic name as entry element Physics
Form subdivision Tables
-- Periodicals.
650 #7 - SUBJECT ADDED ENTRY--TOPICAL TERM
Topical term or geographic name as entry element Chemistry.
Source of heading or term fast
Authority record control number (OCoLC)fst00853344
650 #7 - SUBJECT ADDED ENTRY--TOPICAL TERM
Topical term or geographic name as entry element Physics.
Source of heading or term fast
Authority record control number (OCoLC)fst01063025
655 #7 - INDEX TERM--GENRE/FORM
Genre/form data or focus term Periodicals.
Source of term fast
Authority record control number (OCoLC)fst01411641
655 #7 - INDEX TERM--GENRE/FORM
Genre/form data or focus term Tables.
Source of term fast
Authority record control number (OCoLC)fst01423914
776 1# - ADDITIONAL PHYSICAL FORM ENTRY
Title CRC handbook of chemistry and physics
International Standard Serial Number 0147-6262
Record control number (DLC) 77641777
-- (OCoLC)3208084
776 1# - ADDITIONAL PHYSICAL FORM ENTRY
Title Handbook of chemistry and physics
International Standard Serial Number 1539-2244
Record control number (DLC) 2002211094
-- (OCoLC)49341939
776 1# - ADDITIONAL PHYSICAL FORM ENTRY
Title CRC handbook of chemistry and physics (Online)
International Standard Serial Number 0147-6262
Record control number (DLC) 77641777
-- (OCoLC)3208084
906 ## - LOCAL DATA ELEMENT F, LDF (RLIN)
a 7
b cbc
c serials
d 2
e ncip
f 19
g n-oclcserc
942 ## - ADDED ENTRY ELEMENTS (KOHA)
Source of classification or shelving scheme
Koha item type Reference Material
Classification part REF QD 65 .H265L53 2006
Holdings
Withdrawn status Lost status Source of classification or shelving scheme Damaged status Not for loan Home library Current library Shelving location Date acquired Source of acquisition Total Checkouts Full call number Barcode Date last seen Price effective from Koha item type
          MACHAKOS UNIVERSITY LIBRARY MACHAKOS UNIVERSITY LIBRARY Technical section 08/02/2017 Donation (BFA)   REF QD 65 .H265L53 2006 35036 12/07/2018 08/02/2017 Reference Material
© Machakos University Library, Along The Highway, Machakos Wote Rd, Machakos, Kenya P.O. Box 136 - 90100 Machakos - Kenya

Tel: ( +254 ) 723 805829 OR Fax : 044-20353 OR Email: library@mksu.ac.ke